[Event "ISR-ch Women 2018"]
[Site "Ma'alot-Tarshih"]
[Date "2018.12.20"]
[Round "9"]
[White "Shaul Zeidner, Lyad"]
[Black "Reprun, Nadejda"]
[Result "0-1"]
[WhiteElo "1671"]
[BlackElo "2016"]
[Annotator "NA RC"]
[PlyCount "82"]
[EventDate "2018.12.12"]
[EventType "swiss"]
[EventCountry "ISR"]
[SourceTitle "playchess.com"]
[Source "ChessBase"]
[SourceQuality "1"]
[TimeControl "40/5400+30:1800+30"]

{[%evp 15,64,-39,-29,-39,-36,-44,-37,-63,-71,-149,-94,-133,-112,-97,-81,-68,-77,-139,-44,32767,32767,32767,32767,32767,32767,32767,-137,32767,32767,-166,32767,-201,32767,-256,32767,-114,-110,-133,-121,-106,32767,-123,32767,-120,-113,-124,-114,-119,-131,-156,-190]} 1. e4 {[%emt 0:00:00]} c6 {[%emt 0:00:00]} 2. d4 {[%emt 0:00:08]} d5 {[%emt 0:00:00]} 3. exd5 {[%emt 0:00:07]} cxd5 {[%emt 0:00:00]} 4. Nc3 {[%emt 0:00:56]} Nf6 {[%emt 0:01:08]} 5. Bf4 {[%emt 0:01:26]} a6 {[%emt 0:01:03] B13: Caro-Kann: Exchange Variation and Panov-Botvinnik Attack} 6. Be2 {[%emt 0:01:15]} (6. Bd3 Nc6 7. Nge2 Bg4 8. f3 Bh5 9. h4 Bg6 10. g4 e6 11. h5 Bxd3 12. Qxd3 h6 13. O-O-O {0-1 (50) Jobava,B (2646)-Nisipeanu,L (2657) Spilimbergo 2018}) 6... Bf5 {[%emt 0:02:15]} 7. Nf3 {[%emt 0:05:10]} h6 {[%emt 0:02:58]} 8. Nd2 $146 {[%emt 0:05:41]} ({Predecessor:} 8. O-O e6 9. Ne5 Bd6 10. Bd3 Bxd3 11. Qxd3 O-O 12. Ne2 {0-1 (36) Vidal Masferrer,M (1497)-Deulofeu Peramarch,E (1712) Costa Brava 2016}) 8... e6 {[%emt 0:02:31]} 9. a3 {[%emt 0:00:41]} Be7 {[%emt 0:02:47]} 10. h3 {[%emt 0:03:52]} Nbd7 {[%emt 0:01:54]} 11. Bf3 {[%emt 0:09:27]} Rc8 {[%emt 0:02:14]} 12. Rc1 {[%emt 0:01:07]} (12. O-O $15) 12... Nb6 {[%emt 0:03:00]} 13. O-O {[%emt 0:02:35]} O-O {[%emt 0:00:45]} 14. Qe2 {[%emt 0:00:40]} Nc4 {[%emt 0:04:43]} 15. Nxc4 {[%emt 0:00:40]} Rxc4 {[%emt 0:01:03]} 16. Rfd1 {[%emt 0:01:37]} Re8 {[%emt 0:02:35]} ({Black should try} 16... Qb6 $17 17. Nxd5 Nxd5 18. Bxd5 Rxd4 {[%mdl 64] Double Attack}) 17. Nb1 {[%emt 0:04:25]} Qb6 {[%emt 0:06:20]} 18. c3 {[%emt 0:01:40]} Rcc8 {[%emt 0:02:10]} 19. g4 {[%emt 0:06:38]} Bg6 {[%emt 0:02:01]} 20. Bg2 {[%emt 0:00:37]} Qb3 {[%emt 0:12:43]} 21. Bf1 {[%emt 0:16:14]} b5 {[%emt 0:14:52]} 22. f3 {[%emt 0:03:27]} Nd7 {[%emt 0:00:39]} 23. a4 {[%emt 0:11:13]} Qxa4 {[%emt 0:07:02]} 24. Nd2 {[%emt 0:02:41]} Qa5 {[%emt 0:03:00]} 25. Ra1 {[%emt 0:00:34]} Qb6 {[%emt 0:00:02]} 26. Be3 {[%emt 0:01:19]} Qb7 {[%emt 0:05:36]} 27. f4 {[%emt 0:01:06]} Nf6 {[%emt 0:02:08]} 28. Ra2 {[%emt 0:01:19]} Ne4 {[%emt 0:01:25]} 29. Nxe4 {[%emt 0:00:34]} Bxe4 {[%emt 0:00:03]} 30. Rda1 {[%emt 0:01:18]} Rc6 {[%emt 0:01:02]} 31. Bg2 {[%emt 0:01:44]} Bxg2 {[%emt 0:00:49]} 32. Qxg2 {[%emt 0:00:35]} b4 $19 {[%emt 0:02:38]} 33. Bd2 {[%emt 0:04:01]} bxc3 {[%emt 0:00:39]} 34. Bxc3 {[%emt 0:00:53]} Bb4 {[%emt 0:01:25]} 35. Bxb4 {[%emt 0:01:43]} Qxb4 {[%emt 0:00:05]} 36. Rxa6 {[%emt 0:00:37]} Qxd4+ {[%emt 0:01:07]} 37. Qf2 {[%emt 0:00:18]} Qxf2+ {[%emt 0:00:17]} 38. Kxf2 {[%emt 0:00:03]} Rc2+ {[%emt 0:00:17]} 39. Kg3 {[%emt 0:03:04]} Rxb2 {[%emt 0:00:22]} 40. Rc1 {[%emt 0:01:03]} g5 {[%emt 0:02:34]} 41. fxg5 {[%emt 0:32:58]} hxg5 {[%emt 0:30:09]} 0-1

[Event "ISR-ch Women 2018"]
[Site "Ma'alot-Tarshih"]
[Date "2018.12.20"]
[Round "9"]
[White "Orian, Noga"]
[Black "Klinova, Masha"]
[Result "0-1"]
[WhiteElo "1343"]
[BlackElo "2267"]
[Annotator "TA"]
[PlyCount "150"]
[EventDate "2018.12.12"]
[EventType "swiss"]
[EventCountry "ISR"]
[SourceTitle "playchess.com"]
[Source "ChessBase"]
[SourceQuality "1"]

{[%evp 15,150,0,20,-39,-42,-115,-35,-68,-64,-66,-54,-85,-89,-199,-218,-221,-177,-172,-180,-176,-167,-168,-168,-163,-134,-131,-146,-160,-144,-164,-89,-166,-171,-172,-154,-216,-178,-186,-183,-239,-237,-236,-222,-229,-229,-310,-270,-388,-214,-330,-245,-325,-325,-334,-304,-500,-515,-502,-490,-468,-446,-474,-442,-462,-460,-705,-299,-440,0,-655,-679,-876,-866,-869,-868,-796,-760,-621,-293,-287,-280,-245,-214,-143,0,-739,-341,-333,-316,-253,-274,-273,-266,-294,-228,-268,-253,-278,-260,-256,-191,-262,-253,-231,-191,-191,-184,-724,-710,-535,0,-641,-592,-573,-547,-1420,-1341,-3843,-2729,-2850,-2282,-1697,-847,-4634,-4634,-4634,-4634,-4627,-4627,-4134,-4134,-29977,-29978,-29973,-29978,-29956,-7096]} 1. e4 e5 2. Nf3 Nc6 3. Bc4 Nf6 4. d3 Bc5 5. Nc3 d6 6. Be3 O-O 7. Nd5 {C50: Hungarian Defence and Giuoco Pianissimo} (7. h3 Bb6 8. O-O Na5 9. Bb3 c6 10. d4 exd4 11. Bxd4 Bc7 12. e5 Nxb3 13. axb3 dxe5 14. Bxe5 Bf5 15. Bxc7 Qxc7 16. Nh4 {0-1 (52) Ivanov,A (2407)-Ponkratov,P (2564) Izhevsk 2009}) 7... Nxd5 8. Bxd5 Bb6 {LiveBook: 5 Games} 9. Bxc6 (9. c3 $11) 9... bxc6 $15 10. Nd2 $146 {[#]} (10. O-O $15) ({Predecessor:} 10. Nxe5 Qh4 11. Nc4 Ba6 12. Qe2 Rfe8 13. g3 Qf6 14. O-O Bxc4 15. dxc4 Qxb2 {1-0 (24) Tancerova,K-Bohanesova,V Havirov 2008}) 10... f5 (10... Bxe3 $1 $17 11. fxe3 Rb8) 11. Bxb6 axb6 12. exf5 Bxf5 13. Ne4 Qh4 14. g3 (14. Qe2 $17) 14... Qh3 $19 15. Ng5 Qg2 $36 {[%mdl 2048] Black is in control.} 16. Qf3 Qxf3 17. Nxf3 {[#]} Bxd3 $1 {[%mdl 512]} 18. cxd3 {Strongly threatening Ke2.} Rxf3 {[%mdl 4096] Endgame KRR-KRR} 19. Ke2 Raf8 20. Rhf1 c5 21. b3 R3f7 22. Rac1 b5 (22... g6 $19 23. f3 Kg7) 23. f3 (23. a4 $17 {was necessary.}) 23... Ra8 24. Rc2 c6 25. Rfc1 (25. Rf2 $17 {might work better.}) 25... b4 26. Rb2 g5 27. g4 (27. Ke3 {was called for.}) 27... Kg7 28. Ke3 Kg6 29. h3 h5 30. Rcc2 Rh8 31. Rh2 (31. Rb1 $142) 31... Kf6 (31... Rfh7 $142 {aiming for ...hxg4.} 32. Rhf2 h4) 32. Rbc2 (32. h4 $142) 32... Ke6 33. Rcd2 Rfh7 34. Rhg2 hxg4 35. hxg4 $2 (35. Rxg4 Rxh3 36. Rxg5) 35... Rh1 36. Rc2 R8h3 37. Rgf2 Rg1 38. Rg2 Ra1 39. Rge2 Rhh1 40. Rcd2 (40. Kd2 $142 Rh3 41. Ke3) 40... Rac1 (40... d5 $142 41. Rc2 d4+ 42. Kf2 Rh2+ 43. Kg3 Rxe2 44. Rxe2 Rd1) 41. Rc2 (41. Rh2 $142) 41... Ra1 (41... Rcg1 $142 42. Rh2 Re1+ 43. Rhe2 Kd5 44. Rxe1 Rxe1+ 45. Kf2 Rh1) 42. Rcd2 $1 d5 43. Rg2 Rhf1 44. Rc2 Rae1+ 45. Kd2 Kd6 46. Rh2 Rh1 (46... d4 $142 47. Rh6+ Kd5) 47. Rxh1 Rxh1 {KR-KR} 48. Ke3 Rh3 49. Rf2 Rh1 (49... d4+ $17 50. Kd2 Rh7) 50. Kd2 $2 {[%mdl 8192]} (50. Rc2 $11) 50... Ke6 (50... Ra1 $142 51. Ke3 d4+ 52. Ke4 Ke6) 51. Kc2 Ra1 52. Kb2 Re1 53. Kc2 e4 54. dxe4 dxe4 55. fxe4 Rxe4 56. Rf5 Rxg4 57. Rxc5 Kd6 58. Rf5 c5 59. Kd3 Rd4+ 60. Ke3 Rd5 61. Rf2 $2 (61. Rf8) 61... Re5+ 62. Kd3 Kd5 $2 ({Black should try} 62... Ke7 $19 63. Rf1 Ke6) 63. Rf8 $2 {[%mdl 8192] [#]} (63. Rf6 $11) 63... Ke6 $1 64. Rf2 g4 {[%cal Bg5g4,Bg4g3,Bg3g2][%mdl 32]} 65. Rf8 Rg5 66. Ke4 g3 67. Rf1 Re5+ 68. Kd3 Kd5 (68... g2 $142 69. Rg1 Rg5) 69. Rf8 Rg5 {( -> ...g2)} 70. Rf1 g2 71. Rg1 Rg3+ 72. Ke2 Kd4 73. Kd2 Rg5 {Black mates.} 74. Ke2 Kc3 75. Kf2 Kb2 {Accuracy: White = 35%, Black = 53%.} 0-1